000 00872nam a2200241Ii 4500
003 JO-AjNU
008 230605s9999||||xx |||||||||||||| ||und||
017 _a2009/1/95
020 _a978-9957-427-19-1
040 _aJO-AjNU
_bara
_erda
_cJO-AjNU
041 _aara
050 1 4 _aBP183.6 2008
100 3 _aإعداد مركز القدس للدراسات السياسية ,
_eauthor
_943837
245 0 0 _aالإسلام الدولة والمواطنة
250 _aط1
264 3 1 _aعمان: مركز القدس للدراسات السياسية، 2008
300 _a187ص
336 _atext
_btxt
_2rdacontent
337 _aunmediated
_bn
_2rdamedia
338 _avolume
_bnc
_2rdacarrier
490 0 _aنحو خطاب اسلامي ديمقراطي مدني 2
650 4 _aالاسلام والسياسة- الاسلام والاصلاح السياسي
_943838
999 _aA18875
_c22443
_d22443